| 000 | 00340 a2200145 4500 | ||
|---|---|---|---|
| 001 | 39374 | ||
| 082 | _a531.3823 TIM | ||
| 090 |
_c24662 _d24662 |
||
| 100 | _aTimoshenko SP | ||
| 245 | _aTheory of elasticity, 3/e | ||
| 250 | _a3 | ||
| 260 |
_aNew York _bMcGraw Hill _c1970 |
||
| 300 | _axxiv, 636 | ||
| 500 | _aMS textbook Aerospace | ||
| 942 |
_aNUST-CAE _k531.3823 TIM |
||
| 999 |
_c274447 _d274447 |
||